A rosa do povo / (Record no. 440)

MARC details
000 -LÍDER
campo de controle de tamanho fixo 01602nam a2200289 4500
001 - NÚMERO DE CONTROLE
campo de controle 440
003 - IDENTIFICADOR DO NÚMERO DE CONTROLE
campo de controle OSt
005 - DATA E HORÁRIO DA ÚLTIMA TRANSAÇÃO
campo de controle 20250630135430.0
008 - CAMPO DE DADOS FIXOS--INFORMAÇÃO GERAL
campo de controle de tamanho fixo 250630b |||||||e |||| 00| f eng d
020 ## - ISBN - INTERNATIONAL STANDARD BOOK NUMBER
ISBN - International Standard Book Number 8501025976
040 ## - FONTE DA CATALOGAÇÃO
Idioma da catalogação por
041 ## - CÓDIGO DE IDIOMA
Código do idioma do original e/ou traduções intermediárias do texto por
082 ## - CDD - CLASSIFICAÇÃO DECIMAL DE DEWEY
Número de Classificação B869.91
Número do exemplar A554r
100 1# - ENTRADA PRINCIPAL--NOME PESSOAL
Nome pessoal Andrade, Carlos Drummond de,
Datas associadas ao nome 1902-1987
9 (RLIN) 968
245 ## - TÍTULO
Título A rosa do povo /
Indicação de responsabilidade, etc. ​Andrade, Carlos Drummond de
250 ## - EDIÇÃO
Declaração de edição 14 ed.
260 ## - PUBLICAÇÃO, DISTRIBUIÇÃO, ETC.
Local de publicação, distribuição, etc. Rio de Janeiro
Nome do editor, distribuidor, etc. Record
Data da publicação, distribuição, etc. 1994
300 ## - DESCRIÇÃO FÍSICA
Extensão 216 p.
520 ## - NOTA DE RESUMO, ETC.
Resumo, etc. "Uma poesia marcada pelo momento histórico." É assim que o crítico Antônio Houaiss qualifica a poesia de Carlos Drummond de Andrade reunida em A Rosa do Povo, livro escrito durante a II Guerra Mundial, publicado em 1945 e jamais reeditado isoladamente. Se a sua repercussão na época foi imensa, quase quarenta anos depois podemos dizer que ele não perdeu o vigor da emoção poética e a atualidade nervosa. Saindo de novo a público, A Rosa do Povo propõe o mesmo debate inesgotável sobre a situação do artista no mundo e sua posição em face dos problemas políticos e sociais do seu tempo. Drummond tomou posição e manteve-se fiel a seu ideário, embora reconhecendo a falácia de ilusões que se misturavam a perenes interesses de justiça, liberdade e paz. Ao lado disso, o livro é de intenso lirismo existencial.<br/>
650 #0 - ASSUNTO--TERMO TÓPICO
Cabeçalho tópico ou nome geográfico Literatura Brasileira
9 (RLIN) 205
650 #0 - ASSUNTO--TERMO TÓPICO
Cabeçalho tópico ou nome geográfico Segunda Guerra Mundial na literatura
9 (RLIN) 970
650 #0 - ASSUNTO--TERMO TÓPICO
Cabeçalho tópico ou nome geográfico Poesias
9 (RLIN) 488
650 #0 - ASSUNTO--TERMO TÓPICO
Cabeçalho tópico ou nome geográfico Carlos Drummond de Andrade
9 (RLIN) 969
655 #0 - TERMO DE ÍNDICE--GÊNERO E FORMA
Gênero/forma/ou termo foco Poesia
655 #0 - TERMO DE ÍNDICE--GÊNERO E FORMA
Gênero/forma/ou termo foco Não Ficção
942 ## - ELEMENTOS DE ENTRADA ADICIONADOS (KOHA)
Fonte de classificação ou esquema de arquivamento Classificação decimal de Dewey
Ocultar no OPAC Não
Tipo de material Koha Livros
Holdings
Situação do descarte Situação das perdas Fonte de classificação ou esquema de arquivamento Status danificado Não pode ser emprestado Coleção Biblioteca de origem Biblioteca atual Localização na estante Data de aquisição Fonte de aquisição Total de empréstimos Número de chamada completo Código de barras Data de último acesso Data do preço efetivo Tipo de material Koha
    Classificação decimal de Dewey     Não ficção Biblioteca Professor Eduardo Afonso de Castro Biblioteca Professor Eduardo Afonso de Castro Poesia 30.06.2025 doação   B869.91 / A554r 2025-17371 30.06.2025 30.06.2025 Livros

Powered by Koha